000 01004nam a2200241Ia 4500
999 _c53185
_d53185
001 20226
003 GE_BSU
005 20200624121413.0
008 181216s1961||||ge |||||||||||||| ||geo||
040 _cGE_BSU
041 _ageo
080 _a81'374.221=353.1 ნ-44
100 _aნეიმანი, ალ.
_98720
245 _aქართულ სინონიმთა ლექსიკონი /
_cალ. ნეიმანი ; რედ. ირ. არაბული.
250 _aმე-2 შევსებული და შესწორებული გამოცემა
264 _aთბილისი :
_bსაბჭ. საქართველო,
_c1961.
300 _a621 გვ. ;
_c22 სმ.
541 _h3ლ.46თ
653 _aქართულ სინონიმთა ლექსიკონი
653 _aლექსიკონი
700 _aარაბული, ირ.
_eრედაქტორი
_98721
942 _cBK
_2udc